La oración y sus funciones
Gorde:
| Egile nagusia: | |
|---|---|
| Formatua: | Liburua |
| Hizkuntza: | gaztelania |
| Argitaratua: |
Madrid
Arco Libros
1997
|
| Saila: | Bibliotheca Philologica
|
| Gaiak: | |
| Etiketak: |
Etiketa erantsi
Etiketarik gabe, Izan zaitez lehena erregistro honi etiketa jartzen!
|
MARC
| LEADER | 00000nam a2200000 a 4500 | ||
|---|---|---|---|
| 001 | UCL0398 | ||
| 003 | CL-VaPUC | ||
| 008 | 030711e19970000SP |||||||||||||||||spa|d | ||
| 020 | |a 8476352832 | ||
| 082 | 0 | 4 | |a 465 |b GUT |2 21 |
| 100 | |a Gutiérrez Ordóñez, Salvador |e author |9 540322 | ||
| 245 | 1 | 3 | |a La oración y sus funciones |
| 300 | |a 615 p | ||
| 942 | |c BK | ||
| 945 | |d 20030711 00:00:00 |a cmena | ||
| 260 | |a Madrid |b Arco Libros |c 1997 | ||
| 650 | 0 | |a Gramática española |9 403055 | |
| 650 | 7 | |a ESTRUCTURA GRAMATICAL |2 CL-VaPUC |9 419974 | |
| 650 | 7 | |a ORACION ESPAÑOL |2 CL-VaPUC |9 477075 | |
| 583 | |a last modification |c 20030711 00:00:00 |k Rodrigo Vera | ||
| 490 | 0 | |a Bibliotheca Philologica | |
| 999 | |c 304271 |d 304269 | ||
| 952 | |0 0 |1 0 |4 0 |6 465_000000000000000_GUT_1997 |7 0 |8 A |9 366245 |a FDOPOS |b BIBEDU |d 2019-11-21 |i 3920496 |l 1 |o 465 GUT 1997 |p 3920496 |r 2025-01-22 |s 2024-03-27 |w 2019-11-21 |y BK |k MLA | ||